Loading...

MALAYALAM NIGHANDU (മലയാളം നിഘണ്ടു)

Bibliographic Details
Format: Printed Book
Published: സമസ്തകേരള സാഹിത്യപരിഷത്തു വക ത്രൈമാസികം
Subjects:
Online Access:http://10.26.1.76/ks/008109.pdf
LEADER 00493nam a2200121 4500
999 |c 183149  |d 183145 
245 |a MALAYALAM NIGHANDU (മലയാളം നിഘണ്ടു) 
260 |b സമസ്തകേരള സാഹിത്യപരിഷത്തു വക ത്രൈമാസികം  
300 |a p.132-133 
650 |a MALAYALAM DICTIONARY   |9 157176 
856 |u http://10.26.1.76/ks/008109.pdf 
942 |c KS 
952 |0 0  |1 0  |4 0  |7 0  |9 181856  |a MGUL  |b MGUL  |d 2019-06-11  |l 0  |r 2019-06-11  |w 2019-06-11  |y KS